<?xml version="1.0" encoding="UTF-8"?><marc:collection xmlns:marc="http://www.loc.gov/MARC21/slim">
  <marc:record>
    <marc:leader>00000nam##2200000za#4500</marc:leader>
    <marc:controlfield tag="001">9.615493</marc:controlfield>
    <marc:controlfield tag="003">CaOODSP</marc:controlfield>
    <marc:controlfield tag="005">20200401020518</marc:controlfield>
    <marc:controlfield tag="007">ta</marc:controlfield>
    <marc:controlfield tag="008">150406|2000||||xxc|||||     f|0| 0 eng|d</marc:controlfield>
    <marc:datafield tag="040" ind1=" " ind2=" ">
      <marc:subfield code="a">CaOODSP</marc:subfield>
      <marc:subfield code="b">eng</marc:subfield>
    </marc:datafield>
    <marc:datafield tag="043" ind1=" " ind2=" ">
      <marc:subfield code="a">n-cn---</marc:subfield>
    </marc:datafield>
    <marc:datafield tag="086" ind1="1" ind2=" ">
      <marc:subfield code="a">FA1-2000/3E</marc:subfield>
    </marc:datafield>
    <marc:datafield tag="110" ind1="1" ind2=" ">
      <marc:subfield code="a">Canada. </marc:subfield>
      <marc:subfield code="b">Office of the Auditor General.</marc:subfield>
    </marc:datafield>
    <marc:datafield tag="245" ind1="1" ind2="0">
      <marc:subfield code="a">Volume 3, December 2000 </marc:subfield>
    </marc:datafield>
    <marc:datafield tag="260" ind1=" " ind2=" ">
      <marc:subfield code="a">Ottawa - Ontario : </marc:subfield>
      <marc:subfield code="b">Office of the Auditor General of Canada </marc:subfield>
      <marc:subfield code="c">2000.</marc:subfield>
    </marc:datafield>
    <marc:datafield tag="300" ind1=" " ind2=" ">
      <marc:subfield code="a">14 volumes, in a case set. : </marc:subfield>
      <marc:subfield code="b">figs., graphs, tables ; </marc:subfield>
      <marc:subfield code="c">29 cm.</marc:subfield>
    </marc:datafield>
    <marc:datafield tag="490" ind1="1" ind2=" ">
      <marc:subfield code="a">Report of the Auditor General of Canada to the House of Commons, 2000 </marc:subfield>
    </marc:datafield>
    <marc:datafield tag="500" ind1=" " ind2=" ">
      <marc:subfield code="a">Contents: Matters of special importance, 2000: foreword and main points.--Chapter 18: Governance of Crown corporations.--Chapter 19: Reporting performance to Parliament: progress too slow.--Chapter 20: Managing departments for results and managing horizontal issues for results.--Chapter 21: Post-secondary recruitment program of the federal public service.--Chapter 22: Development of the Universal Classification Standard: a follow-up.--Chapter 23: Information technology: acquisition of goods and services.--Chapters 24-28: Protecting health and safety.--Chapter 29: Treasury Board Secretariat: the government's annual Contracting Activity Report, 1998.--Chapter 30: Fisheries and Oceans: the effects of salmon farming in British Columbia on the management of wild salmon stocks.--Chapter 31: Fisheries and Oceans: fleet management.--Chapter 32: National Defence: defence support productivity: a progress report.--Chapter 33-34: Other observations and appendices.--Chapter 35: Sustainable development strategy for the Office of the Auditor General.</marc:subfield>
    </marc:datafield>
    <marc:datafield tag="563" ind1=" " ind2=" ">
      <marc:subfield code="a">Softcover</marc:subfield>
    </marc:datafield>
    <marc:datafield tag="590" ind1=" " ind2=" ">
      <marc:subfield code="a">01-07</marc:subfield>
      <marc:subfield code="b">2001-02-16</marc:subfield>
    </marc:datafield>
    <marc:datafield tag="690" ind1="0" ind2="7">
      <marc:subfield code="a">Public expenditures</marc:subfield>
      <marc:subfield code="2">gcpds</marc:subfield>
    </marc:datafield>
    <marc:datafield tag="775" ind1="0" ind2="8">
      <marc:subfield code="t">Volume 3, décembre 2000 </marc:subfield>
      <marc:subfield code="w">(CaOODSP)9.625558</marc:subfield>
    </marc:datafield>
    <marc:datafield tag="776" ind1="0" ind2="#">
      <marc:subfield code="t">Report of the Auditor General of Canada. Foreword </marc:subfield>
      <marc:subfield code="w">(CaOODSP)9.572432</marc:subfield>
    </marc:datafield>
    <marc:datafield tag="776" ind1="0" ind2="#">
      <marc:subfield code="t">Report of the Auditor General of Canada. Matters of special importance - 2000 </marc:subfield>
      <marc:subfield code="w">(CaOODSP)9.572433</marc:subfield>
    </marc:datafield>
    <marc:datafield tag="776" ind1="0" ind2="#">
      <marc:subfield code="t">Report of the Auditor General of Canada. Chapter 18, : </marc:subfield>
      <marc:subfield code="w">(CaOODSP)9.572434</marc:subfield>
    </marc:datafield>
    <marc:datafield tag="776" ind1="0" ind2="#">
      <marc:subfield code="t">Report of the Auditor General of Canada. Chapter 19, : </marc:subfield>
      <marc:subfield code="w">(CaOODSP)9.572435</marc:subfield>
    </marc:datafield>
    <marc:datafield tag="776" ind1="0" ind2="#">
      <marc:subfield code="t">Report of the Auditor General of Canada. Chapter 20, : </marc:subfield>
      <marc:subfield code="w">(CaOODSP)9.572436</marc:subfield>
    </marc:datafield>
    <marc:datafield tag="776" ind1="0" ind2="#">
      <marc:subfield code="t">Report of the Auditor General of Canada. Chapter 21, : </marc:subfield>
      <marc:subfield code="w">(CaOODSP)9.572437</marc:subfield>
    </marc:datafield>
    <marc:datafield tag="776" ind1="0" ind2="#">
      <marc:subfield code="t">Report of the Auditor General of Canada. Chapter 22, : </marc:subfield>
      <marc:subfield code="w">(CaOODSP)9.572438</marc:subfield>
    </marc:datafield>
    <marc:datafield tag="776" ind1="0" ind2="#">
      <marc:subfield code="t">Report of the Auditor General of Canada. Chapter 23, : </marc:subfield>
      <marc:subfield code="w">(CaOODSP)9.572439</marc:subfield>
    </marc:datafield>
    <marc:datafield tag="776" ind1="0" ind2="#">
      <marc:subfield code="t">Report of the Auditor General of Canada. Chapter 25, : </marc:subfield>
      <marc:subfield code="w">(CaOODSP)9.572442</marc:subfield>
    </marc:datafield>
    <marc:datafield tag="776" ind1="0" ind2="#">
      <marc:subfield code="t">Report of the Auditor General of Canada. Chapter 26, : </marc:subfield>
      <marc:subfield code="w">(CaOODSP)9.572443</marc:subfield>
    </marc:datafield>
    <marc:datafield tag="776" ind1="0" ind2="#">
      <marc:subfield code="t">Report of the Auditor General of Canada. Chapter 27, : </marc:subfield>
      <marc:subfield code="w">(CaOODSP)9.572444</marc:subfield>
    </marc:datafield>
    <marc:datafield tag="776" ind1="0" ind2="#">
      <marc:subfield code="t">Report of the Auditor General of Canada. Chapter 28, : </marc:subfield>
      <marc:subfield code="w">(CaOODSP)9.572445</marc:subfield>
    </marc:datafield>
    <marc:datafield tag="776" ind1="0" ind2="#">
      <marc:subfield code="t">Report of the Auditor General of Canada. Chapter 29, : </marc:subfield>
      <marc:subfield code="w">(CaOODSP)9.572446</marc:subfield>
    </marc:datafield>
    <marc:datafield tag="776" ind1="0" ind2="#">
      <marc:subfield code="t">Report of the Auditor General of Canada. Chapter 30, : </marc:subfield>
      <marc:subfield code="w">(CaOODSP)9.572447</marc:subfield>
    </marc:datafield>
    <marc:datafield tag="776" ind1="0" ind2="#">
      <marc:subfield code="t">Report of the Auditor General of Canada. Chapter 31, : </marc:subfield>
      <marc:subfield code="w">(CaOODSP)9.572448</marc:subfield>
    </marc:datafield>
    <marc:datafield tag="776" ind1="0" ind2="#">
      <marc:subfield code="t">Report of the Auditor General of Canada. Chapter 32, : </marc:subfield>
      <marc:subfield code="w">(CaOODSP)9.572449</marc:subfield>
    </marc:datafield>
    <marc:datafield tag="776" ind1="0" ind2="#">
      <marc:subfield code="t">Report of the Auditor General of Canada. Chapter 33, : </marc:subfield>
      <marc:subfield code="w">(CaOODSP)9.572451</marc:subfield>
    </marc:datafield>
    <marc:datafield tag="776" ind1="0" ind2="#">
      <marc:subfield code="t">Report of the Auditor General of Canada. Chapter 34, : </marc:subfield>
      <marc:subfield code="w">(CaOODSP)9.572452</marc:subfield>
    </marc:datafield>
    <marc:datafield tag="776" ind1="0" ind2="#">
      <marc:subfield code="t">Report of the Auditor General of Canada. Chapter 35, : </marc:subfield>
      <marc:subfield code="w">(CaOODSP)9.572453</marc:subfield>
    </marc:datafield>
    <marc:datafield tag="776" ind1="0" ind2="#">
      <marc:subfield code="t">Report of the Auditor General of Canada. Chapter 24, : </marc:subfield>
      <marc:subfield code="w">(CaOODSP)9.572440</marc:subfield>
    </marc:datafield>
    <marc:datafield tag="830" ind1="#" ind2="0">
      <marc:subfield code="a">Report of the Auditor General of Canada to the House of Commons, 2000.</marc:subfield>
      <marc:subfield code="w">(CaOODSP)9.514620</marc:subfield>
    </marc:datafield>
  </marc:record>
</marc:collection>
